00716 2200253 4500001002100000005001700021008004100038035002400079082001000103090001700113100001500130245011400145250001000259260003100269300002600300440003500326650002300361850001500384980001500399985000600414986001200420999001500432999001500447YOGYA-0209000003753220090227025251.0 ind  0010-020900000037532 a179.1 a179.1bUba M aUBAEDY, AN aMenggali potensi meraih prestasibjurus-jurus menambal saluran prestasi yang bocor di tempat kerjacAN Ubaedy aCet.1 aJakartabCahaya Ilmuc2005 axviii, 231 hlmc21 cm aSerial Seni pembelajaran hidup aPembelajaran hidup aYOPDYOG(B) a04-28-2006 a2 aMrrtrev a05B0010549 a05B0010550